LEADER 01115nam0 22002891i 450 001 RML0312140 005 20231121125752.0 100 $a20121121d2008 ||||0itac50 ba 101 | $aeng 102 $ade 181 1$6z01$ai $bxxxe 182 1$6z01$an 200 1 $aHellenistic bookhands$fedited by Guglielmo Cavallo and Herwig Maehler 210 $aBerlin - New York $cWalter de Gruyter $dİ2008 215 $aXVII, 153 p.$cill.$d30 cm 606 $aFilologia classica$2FIR$3RMLC012007$9N 676 $a480$9Lingue elleniche. Greco classico.$v21 700 1$aCavallo$b, Guglielmo$3RMLV156866$037688 701 1$aMaehler$b, Herwig$3RMLV147036$0167421 801 3$aIT$bIT-01$c20121121 850 $aIT-FR0017 899 $aBiblioteca umanistica Giorgio Aprea$bFR0017 912 $aRML0312140 950 0$aBiblioteca umanistica Giorgio Aprea$d 52CIS S.Sij.E3 GB$e 52VM 0000825765 VM barcode:00077154. - Inventario:421 AMT. - Fondo:Fondo SijpesteijnVM$fB $h20100415$i20121204 977 $a 52 996 $aHellenistic bookhands$93632191 997 $aUNICAS